000 00280nam a2200109Ia 4500
008 220204s9999 xx 000 0 und d
082 _bLAW
100 _aLawrence
245 0 _aHigh performance liquid chromatography of pesticides
260 _aLondon
_bAcademic
_c1982
942 _cBK
999 _c38076
_d38076